[Event "NRW Class1 1112"]
[Site "Germany"]
[Date "2012.03.04"]
[Round "7.4"]
[White "Buenermann, Volker"]
[Black "Haves, Reinhard"]
[Result "1-0"]
[WhiteElo "2277"]
[BlackElo "2180"]
[PlyCount "55"]
[EventDate "2011.09.18"]
[EventType "team-tourn"]
[EventRounds "9"]
[EventCountry "GER"]
[SourceTitle "EXT 2015"]
[Source "ChessBase"]
[SourceDate "2014.11.20"]
[SourceVersion "1"]
[SourceVersionDate "2014.11.20"]
[SourceQuality "1"]
[WhiteTeam "Bielefeld"]
[BlackTeam "Neuenkirchen"]
[WhiteTeamCountry "GER"]
[BlackTeamCountry "GER"]

1. e4 g6 2. d4 Bg7 3. c3 d6 4. Bd3 e5 5. Ne2 Nf6 6. 0-0 0-0 7. Nd2 Nc6 8. f4 exd4 9. Nxd4 Nxd4 10. cxd4 Re8 11. Qc2 c6 12. Nf3 Qb6 13. h3 a5 14. Kh2 a4 15. Bd2 a3 16. b3 d5 17. e5 Ne4 18. Bxe4 dxe4 19. Qxe4 Be6 20. Ng5 Bd5 21. Qd3 f6 22. Ne4 Bxe4 23. Qxe4 Rad8 24. Be3 Qb4 25. Qc2 c5 26. dxc5 fxe5 27. f5 e4 28. f6 1-0

[Event "NRW Class1 1112"]
[Site "Germany"]
[Date "2011.09.18"]
[Round "1.5"]
[White "Buenermann, Volker"]
[Black "Kartsev, Soel"]
[Result "0-1"]
[WhiteElo "2277"]
[BlackElo "2162"]
[PlyCount "52"]
[EventDate "2011.09.18"]
[EventType "team-tourn"]
[EventRounds "9"]
[EventCountry "GER"]
[SourceTitle "EXT 2015"]
[Source "ChessBase"]
[SourceDate "2014.11.20"]
[SourceVersion "1"]
[SourceVersionDate "2014.11.20"]
[SourceQuality "1"]
[WhiteTeam "Bielefeld"]
[BlackTeam "Castrop Rauxel"]
[WhiteTeamCountry "GER"]
[BlackTeamCountry "GER"]

1. e4 c5 2. Nf3 d6 3. d4 cxd4 4. Nxd4 Nf6 5. Nc3 Nc6 6. Bc4 e6 7. Bb3 a6 8. Be3 Be7 9. Rg1 0-0 10. g4 Qa5 11. f3 Nd7 12. g5 Nc5 13. h4 Bd7 14. h5 b5 15. Nxc6 Bxc6 16. Rg4 Na4 17. Bxa4 bxa4 18. a3 Rab8 19. Bd2 Qe5 20. Bf4 Qc5 21. Qc1 f5 22. gxf6 Bxf6 23. Be3 Qxh5 24. Qd2 Qh1+ 25. Bg1 Qxf3 26. Rf4 Qxf4 0-1

[Event "Oberliga NRW 0910"]
[Site "Germany"]
[Date "2010.04.25"]
[Round "9.3"]
[White "Schneider, Bernd"]
[Black "Buenermann, Volker"]
[Result "1/2-1/2"]
[WhiteElo "2422"]
[BlackElo "2303"]
[PlyCount "70"]
[EventDate "2009.09.20"]
[EventType "team-tourn"]
[EventRounds "9"]
[EventCountry "GER"]
[SourceTitle "EXT 2011"]
[Source "ChessBase"]
[SourceDate "2010.11.26"]
[SourceVersion "1"]
[SourceVersionDate "2010.11.26"]
[SourceQuality "1"]
[WhiteTeam "Bochum"]
[BlackTeam "Bielefeld"]
[WhiteTeamCountry "GER"]
[BlackTeamCountry "GER"]

1. c4 Nf6 2. Nc3 g6 3. g3 Bg7 4. Bg2 d6 5. Nf3 0-0 6. 0-0 e5 7. d4 Nbd7 8. Qc2 Re8 9. Rd1 c6 10. b3 Qe7 11. a4 Nf8 12. dxe5 dxe5 13. Ba3 c5 14. Nd5 Nxd5 15. cxd5 e4 16. Bxc5 Qd8 17. Nd4 Qxd5 18. Nb5 Qh5 19. Nc7 Bf5 20. Nxe8 Rxe8 21. Qd2 Bxa1 22. Rxa1 b6 23. Be3 Bg4 24. a5 Bxe2 25. axb6 axb6 26. Bxb6 Qb5 27. Be3 Bf3 28. Qc3 Bxg2 29. Kxg2 Qf5 30. Bh6 Ne6 31. h4 Qf3+ 32. Qxf3 exf3+ 33. Kxf3 Nd4+ 34. Kg4 Nxb3 35. Ra7 Nd4 1/2-1/2

[Event "Oberliga NRW 0910"]
[Site "Germany"]
[Date "2009.10.25"]
[Round "2.3"]
[White "Stoeber, Michael"]
[Black "Buenermann, Volker"]
[Result "1/2-1/2"]
[WhiteElo "2294"]
[BlackElo "2303"]
[PlyCount "98"]
[EventDate "2009.09.20"]
[EventType "team-tourn"]
[EventRounds "9"]
[EventCountry "GER"]
[SourceTitle "EXT 2011"]
[Source "ChessBase"]
[SourceDate "2010.11.26"]
[SourceVersion "1"]
[SourceVersionDate "2010.11.26"]
[SourceQuality "1"]
[WhiteTeam "Monheim"]
[BlackTeam "Bielefeld"]
[WhiteTeamCountry "GER"]
[BlackTeamCountry "GER"]

1. d4 Nf6 2. c4 g6 3. Nc3 Bg7 4. e4 d6 5. f4 Bg4 6. Nf3 Nc6 7. Be2 Bxf3 8. Bxf3 e5 9. d5 Nd4 10. 0-0 Nd7 11. f5 Bf6 12. fxg6 hxg6 13. Bg4 Bg7 14. Be3 Bh6 15. Bxd7+ Qxd7 16. Bxd4 exd4 17. Qxd4 Rh7 18. Rf3 Bg7 19. Qf2 Be5 20. h3 c5 21. dxc6 bxc6 22. Rd1 Qb7 23. c5 dxc5 24. Qxc5 Qb6 25. Qxb6 axb6 26. a3 Rh4 27. g4 Ke7 28. Kg2 Ke6 29. Rd2 Rah8 30. Rdd3 b5 31. Nd1 Rb8 32. Rf2 c5 33. Rc2 c4 34. Rf3 Rbh8 35. Ne3 Rd8 36. a4 c3 37. bxc3 bxa4 38. Nd5 f5 39. exf5+ gxf5 40. gxf5+ Kf7 41. c4 Rg8+ 42. Kf1 Rgh8 43. Re2 Bd6 44. Re6 R8h6 45. Rxh6 Rxh6 46. Kg2 Rh4 47. Rc3 Be5 48. Ra3 Rxc4 49. Nb6 Rf4 1/2-1/2

[Event "NRW Class1 0809"]
[Site "Germany"]
[Date "2009.03.22"]
[Round "8.2"]
[White "Buenermann, Volker"]
[Black "Malcher, Werner"]
[Result "1/2-1/2"]
[WhiteElo "2307"]
[BlackElo "2298"]
[PlyCount "31"]
[EventDate "2008.09.21"]
[EventType "team-tourn"]
[EventRounds "9"]
[EventCountry "GER"]
[SourceTitle "EXT 2010"]
[Source "ChessBase"]
[SourceDate "2010.11.25"]
[SourceVersion "1"]
[SourceVersionDate "2010.11.25"]
[SourceQuality "1"]
[WhiteTeam "Bielefeld"]
[BlackTeam "Brackweda"]
[WhiteTeamCountry "GER"]
[BlackTeamCountry "GER"]

1. e4 c5 2. Nf3 d6 3. d4 cxd4 4. Nxd4 Nf6 5. Nc3 Nc6 6. Bc4 e6 7. Be3 Be7 8. Bb3 0-0 9. Qe2 a6 10. Rg1 Nxd4 11. Bxd4 b5 12. 0-0-0 Bb7 13. e5 dxe5 14. Qxe5 Qb8 15. Qe2 Rd8 16. Be5 1/2-1/2

[Event "NRW Class1 0809"]
[Site "Germany"]
[Date "2009.03.01"]
[Round "7.2"]
[White "Van Beek, Alexander"]
[Black "Buenermann, Volker"]
[Result "1/2-1/2"]
[WhiteElo "2400"]
[BlackElo "2307"]
[PlyCount "75"]
[EventDate "2008.09.21"]
[EventType "team-tourn"]
[EventRounds "9"]
[EventCountry "GER"]
[SourceTitle "EXT 2010"]
[Source "ChessBase"]
[SourceDate "2010.11.25"]
[SourceVersion "1"]
[SourceVersionDate "2010.11.25"]
[SourceQuality "1"]
[WhiteTeam "Erckenschwick"]
[BlackTeam "Bielefeld"]
[WhiteTeamCountry "GER"]
[BlackTeamCountry "GER"]

1. d4 Nf6 2. c4 g6 3. Nc3 Bg7 4. e4 d6 5. Nf3 0-0 6. Be2 e5 7. 0-0 Nh5 8. Bg5 f6 9. Be3 Nf4 10. c5 Nxe2+ 11. Qxe2 exd4 12. Bxd4 Nc6 13. Rfd1 Bg4 14. h3 Bxf3 15. Qxf3 Nxd4 16. Rxd4 f5 17. Rd3 Qh4 18. e5 Bxe5 19. cxd6 cxd6 20. Qxb7 Qf4 21. Qd5+ Kh8 22. g3 Qh6 23. Kg2 f4 24. Re1 fxg3 25. fxg3 Rab8 26. Re2 Qc1 27. Rd1 Qg5 28. Ne4 Qh5 29. g4 Qh4 30. Rd3 Rf4 31. Nxd6 Bxd6 32. Qxd6 Rbf8 33. Qe5+ Kg8 34. Qe6+ Kh8 35. Qe5+ Kg8 36. Qd5+ Kh8 37. Qe5+ Kg8 38. Qe6+ 1/2-1/2

[Event "NRW Class1 0708"]
[Site "Germany"]
[Date "2007.11.04"]
[Round "3.3"]
[White "Buenermann, Volker"]
[Black "Johnen, Daniel"]
[Result "1-0"]
[WhiteElo "2293"]
[BlackElo "2163"]
[PlyCount "79"]
[EventDate "2007.09.16"]
[EventType "team"]
[EventRounds "9"]
[EventCountry "GER"]
[SourceTitle "EXT 2009"]
[Source "ChessBase"]
[SourceDate "2008.11.26"]
[SourceVersion "1"]
[SourceVersionDate "2008.11.26"]
[SourceQuality "1"]
[WhiteTeam "Bielefeld"]
[BlackTeam "Brackweda"]
[WhiteTeamCountry "GER"]
[BlackTeamCountry "GER"]

1. e4 g6 2. d4 Bg7 3. Nc3 c6 4. Be3 d5 5. f3 h5 6. Qd2 Nh6 7. Be2 Be6 8. 0-0-0 Nd7 9. h4 Nb6 10. Kb1 Qd7 11. Nh3 Bxh3 12. Rxh3 0-0-0 13. Bf2 e6 14. Rhh1 f5 15. Qg5 Nf7 16. Qg3 Bh6 17. e5 Nc4 18. Bxc4 dxc4 19. d5 cxd5 20. Bxa7 b5 21. Bb6 Rdg8 22. f4 Qc6 23. Bd4 Kb7 24. a3 Bf8 25. Na2 Be7 26. Qc3 Ra8 27. Nb4 Bxb4 28. Qxb4 Rhc8 29. Qe7+ Rc7 30. Qf6 b4 31. axb4 Qa4 32. Kc1 Qxb4 33. Bc3 Qc5 34. Kb1 Qa7 35. Kc1 Nd8 36. Bd4 Qa6 37. Rh3 c3 38. Rxc3 Rxc3 39. Bxc3 Qe2 40. Qe7+ 1-0

[Event "NRW Class1 0708"]
[Site "Germany"]
[Date "2007.10.14"]
[Round "2.2"]
[White "Buenermann, Volker"]
[Black "Rieke, Theo"]
[Result "1-0"]
[WhiteElo "2293"]
[BlackElo "2208"]
[PlyCount "51"]
[EventDate "2007.09.16"]
[EventType "team"]
[EventRounds "9"]
[EventCountry "GER"]
[SourceTitle "EXT 2009"]
[Source "ChessBase"]
[SourceDate "2008.11.26"]
[SourceVersion "1"]
[SourceVersionDate "2008.11.26"]
[SourceQuality "1"]
[WhiteTeam "Bielefeld"]
[BlackTeam "Neuenkirchen"]
[WhiteTeamCountry "GER"]
[BlackTeamCountry "GER"]

1. e4 e5 2. Nf3 Nc6 3. Bb5 a6 4. Ba4 Nf6 5. Qe2 d6 6. c3 b5 7. Bb3 Be7 8. 0-0 0-0 9. d4 Bg4 10. Rd1 exd4 11. cxd4 d5 12. e5 Ne4 13. h3 Bh5 14. Nc3 Nxc3 15. bxc3 Na5 16. Bc2 Bg6 17. Bxg6 hxg6 18. e6 f6 19. h4 Nc4 20. Re1 Qe8 21. Bf4 Bd6 22. e7 Rf7 23. Bxd6 cxd6 24. Qe6 Ra7 25. Qxd5 Kh7 26. Qxf7 1-0

[Event "NED-chT 0607"]
[Site "Netherlands"]
[Date "2007.03.24"]
[Round "7.8"]
[White "Buenermann, Volker"]
[Black "De Vreugt, Dennis"]
[Result "0-1"]
[WhiteElo "2304"]
[BlackElo "2429"]
[PlyCount "76"]
[EventDate "2006.09.23"]
[EventType "team-tourn"]
[EventRounds "9"]
[EventCountry "NED"]
[SourceTitle "EXT 2008"]
[Source "ChessBase"]
[SourceDate "2007.11.25"]
[SourceVersion "1"]
[SourceVersionDate "2007.11.25"]
[SourceQuality "1"]
[WhiteTeam "Enschede ESGOO"]
[BlackTeam "Hilversum HSG"]
[WhiteTeamCountry "NED"]
[BlackTeamCountry "NED"]

1. e4 e5 2. Nf3 Nc6 3. Bb5 a6 4. Ba4 Nf6 5. Qe2 b5 6. Bb3 Bc5 7. c3 d6 8. d3 h6 9. Be3 Qe7 10. Bxc5 dxc5 11. a4 Rb8 12. axb5 axb5 13. Bd5 Nd8 14. Bb3 0-0 15. Nbd2 c4 16. dxc4 Ne6 17. g3 bxc4 18. Bc2 Rxb2 19. Nxc4 Rb5 20. Ncxe5 Rc5 21. 0-0 Rxc3 22. Ra8 Ng5 23. Nxg5 Qxe5 24. Nf3 Qh5 25. Bd1 Qc5 26. e5 Nd7 27. e6 Nb6 28. exf7+ Rxf7 29. Ra2 Rcxf3 30. Bb3 Kh8 31. Bxf7 Rxf7 32. Qe8+ Rf8 33. Qe2 Qd5 34. Rd2 Qc6 35. f3 Qc5+ 36. Kg2 Bb7 37. Rf2 Nd5 38. Rc2 Ne3+ 0-1

[Event "NRW Class2 0607"]
[Site "Germany"]
[Date "2007.02.25"]
[Round "6.2"]
[White "Rotstein, Jefim"]
[Black "Buenermann, Volker"]
[Result "1-0"]
[WhiteElo "2394"]
[BlackElo "2304"]
[PlyCount "121"]
[EventDate "2006.09.17"]
[EventType "team-tourn"]
[EventRounds "9"]
[EventCountry "GER"]
[SourceTitle "EXT 2008"]
[Source "ChessBase"]
[SourceDate "2007.11.25"]
[SourceVersion "1"]
[SourceVersionDate "2007.11.25"]
[SourceQuality "1"]
[WhiteTeam "Koeln Brueck"]
[BlackTeam "Bielefeld"]
[WhiteTeamCountry "GER"]
[BlackTeamCountry "GER"]

1. f4 d5 2. Nf3 Nf6 3. e3 Bg4 4. c4 Bxf3 5. Qxf3 e6 6. Nc3 c6 7. d4 a6 8. Bd3 Nbd7 9. 0-0 dxc4 10. Bxc4 b5 11. Be2 c5 12. a4 cxd4 13. exd4 b4 14. Ne4 Be7 15. f5 exf5 16. Qxf5 0-0 17. Bd3 Qb6 18. Be3 g6 19. Qh3 Nxe4 20. Bxe4 Rad8 21. Rac1 Nf6 22. Bc6 Nd5 23. a5 Qxa5 24. Bh6 Bf6 25. Bxf8 Rxf8 26. Qd3 Be7 27. Ra1 Qd8 28. Rxa6 Nc7 29. Raa1 Qd6 30. Bf3 Rd8 31. Rad1 Qxd4+ 32. Qxd4 Rxd4 33. Rxd4 Bc5 34. Rc1 Bxd4+ 35. Kf1 Ne6 36. b3 Bc3 37. Bd5 Nd4 38. Kf2 Kg7 39. Ke3 f5 40. Rd1 Nc2+ 41. Kd3 Ne1+ 42. Kc4 Nc2 43. Rd3 Kf6 44. Bc6 f4 45. Rd7 Ne3+ 46. Kd3 Ng4 47. Ke4 Kg5 48. Rd5+ Kh4 49. Kxf4 g5+ 50. Kf3 Ne5+ 51. Ke4 Nxc6 52. Rd6 Ne7 53. Rd7 Ng6 54. Kf5 Nf8 55. Rf7 h5 56. Rxf8 g4 57. Rg8 Bd2 58. Rh8 Bc3 59. Re8 Bd2 60. Re4 Bc3 61. Re3 1-0

[Event "NED-chT 0607"]
[Site "Netherlands"]
[Date "2007.02.03"]
[Round "5.10"]
[White "Buenermann, Volker"]
[Black "Hoeksema, Hendrik Pieter"]
[Result "0-1"]
[WhiteElo "2304"]
[BlackElo "2373"]
[PlyCount "128"]
[EventDate "2006.09.23"]
[EventType "team-tourn"]
[EventRounds "9"]
[EventCountry "NED"]
[SourceTitle "EXT 2008"]
[Source "ChessBase"]
[SourceDate "2007.11.25"]
[SourceVersion "1"]
[SourceVersionDate "2007.11.25"]
[SourceQuality "1"]
[WhiteTeam "Enschede ESGOO"]
[BlackTeam "Groningen Share"]
[WhiteTeamCountry "NED"]
[BlackTeamCountry "NED"]

1. e4 c5 2. Nf3 d6 3. d4 cxd4 4. Nxd4 Nf6 5. Nc3 a6 6. Bc4 e6 7. Bb3 Nc6 8. Rg1 Qa5 9. Nxc6 bxc6 10. Qd3 Nd7 11. Bd2 Nc5 12. Qc4 Qc7 13. Na4 Nxb3 14. axb3 Be7 15. Qc3 0-0 16. Qg3 Rd8 17. Bc3 e5 18. Nc5 a5 19. Nd3 f6 20. f4 Be6 21. Qe3 c5 22. g4 c4 23. bxc4 Bxc4 24. g5 fxg5 25. fxe5 Bxd3 26. Qxd3 dxe5 27. Qb5 Bf6 28. Rxa5 Rxa5 29. Bxa5 Qa7 30. Bb6 Rb8 31. Bxa7 Rxb5 32. Kd2 Rxb2 33. Be3 h6 34. Ra1 g4 35. Rf1 Kf7 36. Kc3 Rb7 37. Ra1 h5 38. Ra7 Rxa7 39. Bxa7 Ke6 40. Kd3 Kd6 41. Be3 Kc6 42. c4 Be7 43. Bf2 Bc5 44. Bg3 Kd6 45. Ke2 Bd4 46. Bh4 Kc5 47. Kd3 Bg1 48. Bg3 Kd6 49. Ke2 g5 50. Kf1 Bd4 51. Be1 Kc5 52. Bd2 Kxc4 53. Bxg5 Kd3 54. Kg2 Kxe4 55. h3 Be3 56. Be7 Bf4 57. Bd6 Kf5 58. Bc7 e4 59. Bb6 e3 60. Ba5 Ke4 61. hxg4 hxg4 62. Be1 Kd3 63. Kf1 Be5 64. Ba5 Bc3 0-1

[Event "NED-chT 0607"]
[Site "Netherlands"]
[Date "2006.11.11"]
[Round "3.9"]
[White "Muhren, Bianca"]
[Black "Buenermann, Volker"]
[Result "1-0"]
[WhiteElo "2295"]
[BlackElo "2304"]
[PlyCount "143"]
[EventDate "2006.09.23"]
[EventType "team-tourn"]
[EventRounds "9"]
[EventCountry "NED"]
[SourceTitle "CBM 115 Extra"]
[Source "ChessBase"]
[SourceDate "2007.01.10"]
[SourceVersion "1"]
[SourceVersionDate "2007.01.10"]
[SourceQuality "1"]
[WhiteTeam "Calder HMC"]
[BlackTeam "Enschede ESGOO"]
[WhiteTeamCountry "NED"]
[BlackTeamCountry "NED"]

1. e4 c5 2. Nf3 d6 3. d4 cxd4 4. Nxd4 Nf6 5. Nc3 a6 6. Be3 e5 7. Nf3 Be7 8. Bc4 0-0 9. 0-0 Be6 10. Qe2 b5 11. Bb3 Nc6 12. Rfd1 h6 13. Nh4 Ng4 14. Nf5 Nxe3 15. fxe3 Bxb3 16. axb3 g6 17. Nxh6+ Kg7 18. Ng4 f5 19. Nf2 f4 20. exf4 exf4 21. Ng4 Bf6 22. Rd3 b4 23. Nd1 Bd4+ 24. Ndf2 Bxb2 25. Rad1 f3 26. Qe3 Qh4 27. g3 Qh5 28. Rxd6 Rad8 29. Rd7+ Rxd7 30. Rxd7+ Kh8 31. e5 Nxe5 32. Rd5 Rf5 33. Qa7 Nf7 34. Rd7 Kg7 35. Qxa6 Rd5 36. Rxd5 Qxd5 37. Qd3 Qc6 38. Ne4 Qb6+ 39. Kf1 Ne5 40. Nxe5 Bxe5 41. Qxf3 Qa6+ 42. Kg2 Qa1 43. Ng5 Qa6 44. h4 Bf6 45. Ne4 Bd4 46. h5 Qc6 47. Qd3 Qd5 48. hxg6 Kxg6 49. Qf3 Qe6 50. Nd2 Kg7 51. Qb7+ Kh8 52. Qe4 Qd6 53. Nf3 Bc3 54. Nh4 Qd2+ 55. Kh3 Kg7 56. Qe7+ Kg8 57. Qe6+ Kh8 58. Qf7 Bg7 59. Qe8+ Kh7 60. Qg6+ Kh8 61. Nf5 Bf8 62. Qf7 Qd8 63. g4 Qa8 64. Kh4 Qd8+ 65. Kh5 Bh6 66. Qe7 Qb6 67. Qd6 Qxd6 68. Nxd6 Bd2 69. Kg6 Kg8 70. Ne4 Be1 71. g5 Kh8 72. Kf7 1-0

[Event "Oberliga NRW 0506"]
[Site "Germany"]
[Date "2006.02.12"]
[Round "6.3"]
[White "Helbig, Mark"]
[Black "Buenermann, Volker"]
[Result "1-0"]
[WhiteElo "2326"]
[BlackElo "2323"]
[PlyCount "111"]
[EventDate "2005.09.25"]
[EventType "team-tourn"]
[EventRounds "9"]
[EventCountry "GER"]
[SourceTitle "EXT 2007"]
[Source "ChessBase"]
[SourceDate "2006.11.23"]
[SourceVersion "1"]
[SourceVersionDate "2006.11.23"]
[SourceQuality "1"]
[WhiteTeam "Koeln SF"]
[BlackTeam "Bielefeld"]
[WhiteTeamCountry "GER"]
[BlackTeamCountry "GER"]

1. d4 g6 2. Nf3 Bg7 3. c4 d6 4. g3 Nf6 5. Bg2 0-0 6. 0-0 c6 7. Nc3 Qa5 8. e4 Be6 9. Qe2 Qb4 10. Nd2 a5 11. h3 a4 12. a3 Qa5 13. d5 Bd7 14. Nf3 cxd5 15. exd5 Re8 16. Be3 Na6 17. Rfe1 Rac8 18. Nd4 Nc5 19. Rad1 Qa6 20. Kh2 Nh5 21. Ndb5 Nb3 22. Bf1 Na5 23. g4 Be5+ 24. Kg1 Nxc4 25. Na7 Nf4 26. Qf3 Rc7 27. Bxf4 Qxa7 28. Bxc4 Rxc4 29. Bxe5 dxe5 30. Rxe5 Qb6 31. Qe2 Rf4 32. Re1 Qd4 33. Rd1 Qb6 34. Qd2 Qf6 35. Rde1 Rf3 36. R1e3 Rxe3 37. Qxe3 Qd6 38. Qd4 f6 39. Re1 e5 40. Qe3 f5 41. gxf5 gxf5 42. Kh1 Kh8 43. Rg1 Qf6 44. Qf3 Qh6 45. Kh2 Rg8 46. Rxg8+ Kxg8 47. Qg3+ Qg7 48. Qh4 h6 49. Nxa4 Bxa4 50. Qxa4 Qc7 51. Qe8+ Kg7 52. Qe6 e4+ 53. d6 Qc5 54. Kg2 e3 55. Qxe3 Qd5+ 56. Kh2 1-0

[Event "Oberliga NRW 0506"]
[Site "Germany"]
[Date "2006.01.08"]
[Round "5.3"]
[White "Buenermann, Volker"]
[Black "Kuijf, Marinus"]
[Result "1/2-1/2"]
[WhiteElo "2323"]
[BlackElo "2420"]
[PlyCount "39"]
[EventDate "2005.09.25"]
[EventType "team-tourn"]
[EventRounds "9"]
[EventCountry "GER"]
[SourceTitle "EXT 2007"]
[Source "ChessBase"]
[SourceDate "2006.11.23"]
[SourceVersion "1"]
[SourceVersionDate "2006.11.23"]
[SourceQuality "1"]
[WhiteTeam "Bielefeld"]
[BlackTeam "Muenster"]
[WhiteTeamCountry "GER"]
[BlackTeamCountry "GER"]

1. e4 e6 2. d4 d5 3. Nc3 Nf6 4. e5 Nfd7 5. f4 c5 6. Nf3 Nc6 7. Be3 a6 8. Qd2 b5 9. Ne2 b4 10. h4 Bb7 11. h5 Rc8 12. Rh3 Qc7 13. Rg3 g6 14. Rh3 cxd4 15. Nexd4 Nxd4 16. Nxd4 g5 17. fxg5 Nxe5 18. 0-0-0 Bd6 19. Kb1 Kd7 20. Be2 1/2-1/2

[Event "NRW Class2 0405"]
[Site "Germany"]
[Date "2005.02.20"]
[Round "7.1"]
[White "Buenermann, Volker"]
[Black "Hollermann, Thomas"]
[Result "1-0"]
[WhiteElo "2325"]
[BlackElo "2291"]
[PlyCount "63"]
[EventDate "2004.10.10"]
[EventType "team"]
[EventRounds "9"]
[EventCountry "GER"]
[SourceTitle "EXT 2006"]
[Source "ChessBase"]
[SourceDate "2005.11.24"]
[SourceVersion "1"]
[SourceVersionDate "2005.11.24"]
[SourceQuality "1"]
[WhiteTeam "Bielefeld"]
[BlackTeam "Neuenkirchen"]
[WhiteTeamCountry "GER"]
[BlackTeamCountry "GER"]

1. e4 e6 2. d4 d5 3. Nc3 Bb4 4. e5 c5 5. a3 Ba5 6. b4 cxd4 7. Qg4 Ne7 8. bxa5 dxc3 9. Qxg7 Rg8 10. Qxh7 Nbc6 11. Nf3 Qc7 12. Bf4 Bd7 13. a6 0-0-0 14. axb7+ Kb8 15. Qd3 d4 16. Bg3 Nf5 17. Qc4 Rh8 18. Bf4 Rdg8 19. Rb1 Qa5 20. Bd3 Nce7 21. Nxd4 Nxd4 22. Qxd4 Nd5 23. Bg3 Qd8 24. Qc5 Rxg3 25. Qd6+ Nc7 26. fxg3 f5 27. exf6 Qxf6 28. Rf1 Qg5 29. Rf8+ Rxf8 30. Qxf8+ Be8 31. Qf4 Qh5 32. Qxc7+ 1-0

[Event "NRW Class2 0405"]
[Site "Germany"]
[Date "2005.01.30"]
[Round "6.1"]
[White "Aleksandrov, Aleksej"]
[Black "Buenermann, Volker"]
[Result "1-0"]
[WhiteElo "2659"]
[BlackElo "2325"]
[PlyCount "129"]
[EventDate "2004.10.10"]
[EventType "team"]
[EventRounds "9"]
[EventCountry "GER"]
[SourceTitle "EXT 2006"]
[Source "ChessBase"]
[SourceDate "2005.11.24"]
[SourceVersion "1"]
[SourceVersionDate "2005.11.24"]
[SourceQuality "1"]
[WhiteTeam "Plettenberg"]
[BlackTeam "Bielefeld"]
[WhiteTeamCountry "GER"]
[BlackTeamCountry "GER"]

1. d4 Nf6 2. c4 d6 3. Nc3 g6 4. e4 Bg7 5. Bd3 0-0 6. Nge2 e5 7. d5 Nh5 8. 0-0 f5 9. exf5 gxf5 10. Ng3 Nf4 11. Bxf4 exf4 12. Nh5 Be5 13. Qf3 Qg5 14. Ne2 Qg4 15. Nexf4 Qxf3 16. gxf3 Bxb2 17. Rab1 Be5 18. Ne6 Bxe6 19. dxe6 Na6 20. f4 Bc3 21. Rb3 Bd4 22. e7 Rfe8 23. Bxf5 Rxe7 24. Rd1 c5 25. Bg4 b6 26. Ng3 Rae8 27. Kf1 Rg7 28. Bf3 Rf8 29. Ne2 Bf6 30. Rxd6 Nb4 31. Rd2 Rd8 32. Rxd8+ Bxd8 33. a3 Nc2 34. Rd3 Bf6 35. Ng3 Nd4 36. Nh5 Rg6 37. f5 Rh6 38. Bg4 Bd8 39. a4 Kf8 40. h3 Bc7 41. Kg2 Kf7 42. Re3 Bd6 43. Ng3 Be7 44. Ne4 Rc6 45. Nc3 Bf6 46. Nd5 Rd6 47. Kg3 a6 48. Ra3 Nc2 49. Rb3 Nb4 50. Nxb4 cxb4 51. Rxb4 Rd3+ 52. Kf4 Rd4+ 53. Ke3 b5 54. Be2 Ke7 55. axb5 axb5 56. Rxb5 Rh4 57. Rb7+ Kd6 58. Rb6+ Ke7 59. Rb7+ Kd6 60. f4 Rxh3+ 61. Bf3 Bd8 62. Rb5 Bc7 63. f6 Ke6 64. f7 Bd6 65. Rb6 1-0

[Event "NRW Class2 0405"]
[Site "Germany"]
[Date "2004.11.21"]
[Round "3.1"]
[White "Buenermann, Volker"]
[Black "Weritz, Juergen"]
[Result "0-1"]
[WhiteElo "2325"]
[BlackElo "2311"]
[PlyCount "56"]
[EventDate "2004.10.10"]
[EventType "team"]
[EventRounds "9"]
[EventCountry "GER"]
[SourceTitle "EXT 2006"]
[Source "ChessBase"]
[SourceDate "2005.11.24"]
[SourceVersion "1"]
[SourceVersionDate "2005.11.24"]
[SourceQuality "1"]
[WhiteTeam "Bielefeld"]
[BlackTeam "Krefeld Turm"]
[WhiteTeamCountry "GER"]
[BlackTeamCountry "GER"]

1. e4 c5 2. Nf3 e6 3. d4 cxd4 4. Nxd4 a6 5. Bd3 Nf6 6. Qe2 d6 7. 0-0 Nbd7 8. Nc3 b5 9. Kh1 Bb7 10. Bd2 g6 11. f4 Bg7 12. f5 Qe7 13. fxe6 fxe6 14. a4 b4 15. Nd1 Nc5 16. Bxb4 Nfxe4 17. Bxe4 Nxe4 18. Nc3 Nxc3 19. Bxc3 e5 20. Nb3 Bf6 21. Rad1 0-0 22. Bb4 Rad8 23. Na5 Ba8 24. Qxa6 Bg7 25. Qc4+ Kh8 26. Qe2 Qh4 27. Rxf8+ Rxf8 28. Be1 Qe4 0-1

[Event "Karl Mala Memorial op 08th"]
[Site "Frankfurt"]
[Date "2004.07.24"]
[Round "5"]
[White "Buenermann, Volker"]
[Black "Fichtl, Andreas"]
[Result "1-0"]
[WhiteElo "2310"]
[BlackElo "1610"]
[PlyCount "105"]
[EventDate "2004.07.22"]
[EventType "swiss"]
[EventRounds "7"]
[EventCountry "GER"]
[SourceTitle "EXT 2005"]
[Source "ChessBase"]
[SourceDate "2004.11.15"]
[SourceVersion "1"]
[SourceVersionDate "2004.11.15"]
[SourceQuality "1"]

1. e4 e6 2. d4 d5 3. Nc3 Bb4 4. e5 c5 5. a3 Bxc3+ 6. bxc3 Nc6 7. Qg4 Nge7 8. Bd3 c4 9. Be2 Nf5 10. Qh3 h5 11. Nf3 g6 12. Ng5 f6 13. exf6 Qxf6 14. f4 Bd7 15. Rb1 0-0-0 16. 0-0 Rdf8 17. Qf3 Nh4 18. Qf2 Nf5 19. a4 Re8 20. Ba3 Nd8 21. Rb4 Bc6 22. Nf3 Nf7 23. Ne5 Ne7 24. Rfb1 Nd8 25. a5 a6 26. Rb6 Rh7 27. Bd6 Nf5 28. Bc5 Rg8 29. Nf3 Rgg7 30. Re1 Rc7 31. Ng5 Rhg7 32. Bd1 Nh6 33. Bd6 Rcd7 34. Be5 Qf8 35. Bxg7 Qxg7 36. Nxe6 Nxe6 37. Rxe6 Qf7 38. Qe3 Nf5 39. Re8+ Rd8 40. Rxd8+ Kxd8 41. Qe5 Qe7 42. Qxe7+ Kxe7 43. Rb1 Nd6 44. Bf3 Nb5 45. Re1+ Kf6 46. Re3 Nc7 47. Re5 Nb5 48. Bxd5 Bxd5 49. Rxd5 Nxc3 50. Re5 Nb5 51. d5 Nc7 52. d6 Ne6 53. d7 1-0

[Event "Ruhrhalbinsel op 19th"]
[Site "Essen"]
[Date "2004.05.22"]
[Round "6"]
[White "Buenermann, Volker"]
[Black "Kolkin, Michail"]
[Result "1/2-1/2"]
[WhiteElo "2329"]
[BlackElo "2083"]
[PlyCount "39"]
[EventDate "2004.05.??"]
[EventType "swiss"]
[EventRounds "7"]
[EventCountry "GER"]
[SourceTitle "CBM 100 Extra"]
[Source "ChessBase"]
[SourceDate "2004.07.06"]
[SourceVersion "2"]
[SourceVersionDate "2004.07.06"]
[SourceQuality "1"]

1. e4 c5 2. Nf3 Nc6 3. d4 cxd4 4. Nxd4 e5 5. Nb5 d6 6. c4 Be7 7. N1c3 a6 8. Na3 Be6 9. Bd3 Bg5 10. 0-0 Bxc1 11. Rxc1 Nf6 12. Nc2 0-0 13. Nd5 Rc8 14. Qd2 Nd7 15. b4 Bxd5 16. cxd5 Ne7 17. Ne3 Nb6 18. b5 axb5 19. Qb4 Na4 20. Rxc8 1/2-1/2